MARC

LEADER 00000nam0a2200000 4500
001 26713
005 20231030201750.0
010 |a 5793100180 
035 |a (RuTPU)RU\TPU\book\26957 
035 |a BOOK00027032 
090 |a 26713 
100 |a 20011209d2000 m y0rusy50 ca 
101 0 |a rus 
102 |a RU 
105 |a a j 001zy 
200 1 |a Электроника  |e курс лекций  |f В. А. Прянишников 
205 |a 2-е изд., испр. и доп. 
210 |a СПб.  |c Корона принт  |d 2000 
215 |a 415 с.  |c ил. 
320 |a Библиогр.: с. 415. 
320 |a Перечень условных обозначений и сокращений: с. 412-414. 
451 1 |0 (RuTPU)RU\TPU\book\49784  |y 5-7931-0018-0  |t Электроника  |o полный курс лекций  |f В. А. Прянишников  |e 3-е изд., испр. и доп.  |c СПб.  |n Учитель и ученик  |n Корона принт  |d 2003  |p 416 с.  |a Прянишников, Виктор Алексеевич 
451 1 |0 (RuTPU)RU\TPU\book\8597  |y 5-7931-0018-0  |t Электроника  |o курс лекций  |f В. А. Прянишников  |c СПб.  |n Корона принт  |d 1998  |p 400 с.  |s Учебник для высших и средних учебных заведений  |a Прянишников, Виктор Алексеевич 
610 1 |a электроника 
610 1 |a электронная техника 
610 1 |a интегральные микросхемы 
610 1 |a электронные микросхемы 
610 1 |a аналого-цифровые устройства 
610 1 |a электропитание 
610 1 |a источники 
610 1 |a учебные пособия 
675 |a 621.38(075.8)  |v 3 
700 1 |a Прянишников  |b В. А.  |g Виктор Алексеевич 
801 0 |a RU  |b 63413507  |c 20011209  |g PSBO 
801 2 |a RU  |b 63413507  |c 20201110  |g PSBO 
900 |a Электроника и микропроцессорная техника 
900 |a Электроника в приборостроении 
942 |c BK